| 000 | 00743cam a22002171 4500 | ||
|---|---|---|---|
| 001 | 7792515 | ||
| 005 | 20180130050809.0 | ||
| 008 | 800328s1923 enka 000 0 eng | ||
| 010 | _a 24006191 | ||
| 035 | _a(OCoLC)6137599 | ||
| 040 |
_aDLC _cUU _dUU _dOCoLC _dDLC |
||
| 041 | 1 | _aeng | |
| 042 | _apremarc | ||
| 080 | _a53 EIN | ||
| 082 | _a53 EIN | ||
| 100 | 1 | _a43 | |
| 101 | _aFIZ | ||
| 245 | 1 | 4 |
_aThe principle of relativity; _cby H.A. Lorentz, A. Einstein, H. Minkowski and H. Weyl, with notes by A. Sommerfeld, tr. by W. Perrett and G.B. Jeffery, with seven diagrams. |
| 906 |
_a7 _bcbc _coclcrpl _du _encip _f19 _gy-gencatlg |
||
| 942 |
_2ddc _cBK |
||
| 999 |
_c41262 _d41262 |
||